|
|
|
|
| LEADER |
00000nam0a2200000 4500 |
| 001 |
298940 |
| 005 |
20231102001144.0 |
| 035 |
|
|
|a (RuTPU)RU\TPU\book\324091
|
| 090 |
|
|
|a 298940
|
| 100 |
|
|
|a 20150623d1952 m y0rusy50 ca
|
| 101 |
0 |
|
|a rus
|
| 102 |
|
|
|a RU
|
| 105 |
|
|
|a y z 001zy
|
| 200 |
1 |
|
|a Дарвин и мичуринская биология
|f Н. И. Нуждин
|g Всесоюзное общество по распространению политических и научных знаний
|
| 210 |
|
|
|a Москва
|c Знание
|d 1952
|
| 215 |
|
|
|a 32 с.
|
| 225 |
1 |
|
|a Вторая серия
|v № 64
|
| 320 |
|
|
|a Библиогр. в примеч.
|
| 600 |
|
1 |
|a Дарвин
|g Чарльз Роберт
|c английский естествоиспытатель
|f 1809-1882
|b Ч. Р.
|2 stltpush
|3 (RuTPU)RU\TPU\pers\1166
|
| 606 |
1 |
|
|a Биология теоретическая
|x Философские проблемы
|2 stltpush
|3 (RuTPU)RU\TPU\subj\28717
|9 52219
|
| 610 |
1 |
|
|a изменчивость
|
| 610 |
1 |
|
|a наследственность
|
| 610 |
1 |
|
|a скрещиваемость
|
| 610 |
1 |
|
|a пангенезис
|
| 675 |
|
|
|a 573
|v 3
|
| 700 |
|
1 |
|a Нуждин
|b Н. И.
|
| 712 |
0 |
2 |
|a Всесоюзное общество по распространению политических и научных знаний
|c (1947-1963)
|c (Москва)
|2 stltpush
|3 (RuTPU)RU\TPU\col\144
|9 23224
|
| 801 |
|
1 |
|a RU
|b 63413507
|c 20150623
|
| 801 |
|
2 |
|a RU
|b 63413507
|c 20150625
|g RCR
|
| 942 |
|
|
|c BK
|